Statistiken für 1. Weltkrieg Quiz

Klicken Sie hier um das Quiz zu spielen!

Allgemein

  • Dieses Quiz wurde 1.164 mal gespielt
    (1.135 seit der letzten Aktualisierung)
  • Das Durchschnittsergebnis liegt bei 11 aus 14

Antwortstatistiken

FrageAntwort% Korrekt
Wann begann der 1. Weltkrieg?1914
98%
Wie lange dauerte der erste Weltkrieg?4 Jahre
90%
Welcher Vertrag wurde nach Ende des 1 Weltkrieges unterzeichnet.Der Versailler Vertrag
86%
Welche Waffe wurde erstmals im 1.Weltkrieg eingesetzt?Giftgas
86%
Welches dieser Länder stieg erst 1917 in den Krieg ein?Vereinigte Staaten von Amerika (USA)
85%
Das Oberhaupt welchen Landes wurde von der "schwarzen Hand" ermordet?Franz-Ferdinand: Österreich-Ungarn
82%
Durch welches Land umging das Deutsche Kaiserreich die Maginot-Linie?Belgien
80%
Wer verlor den 1 Weltkrieg?Die Zentralmächte/Mittelmächte
75%
Welches Land wechselte während des Krieges die SeitenItalien
70%
Weshalb stieg das russische Zarenreich frühzeitig aus den Krieg aus?Auf Grund von Inneren Unruhen
69%
Welches Land kämpfte nicht mit im 1. Weltkrieg?Spanien
68%
Welches dieser Länder existierte während des 1. Weltkrieges nicht?Polen
60%
Welches dieser Länder war keine Zentralmacht/Mittelmacht?Rumänien
57%
Welches Land verlor die meisten Menschenleben während des 1. Weltkrieges?Russisches Zarenreich
55%

Verteilung der Resultate

Perzentil nach korrekt beantworteten Fragen

Anzahl Personen mit jedem Resultat

Ihre Resultats-Entwicklung

Sie haben dieses Quiz seit der letzten Aktualisierung nicht gespielt